| 000 | 01318nam a2200241Ia 4500 | ||
|---|---|---|---|
| 999 |
_c51344 _d51344 |
||
| 001 | 18314 | ||
| 003 | GE_BSU | ||
| 005 | 20221129165326.0 | ||
| 008 | 181216s2015||||ge |||||||||||||| ||geo|| | ||
| 020 | _a9789941942129x | ||
| 040 | _cGE_BSU | ||
| 041 | _ageo | ||
| 080 | _a159.964.2 ბ-94 | ||
| 100 |
_aბრიუგე, ვალბრუგა _916215 |
||
| 245 |
_aასე სწავლობენ ბავშვები ლაპარაკს : _bნორმალური და დარღვეული ენობრივი განვითარება / _cვალბრუგა ბრიუგე, კატარინა მოსი ; გერმანულიდან თარგმნა ლაშა დადიანმა ; მთავარი რედაქტორი მზია რაზმაძე. |
||
| 264 |
_aთბილისი : _b წიგნი+ერი, _c2015. |
||
| 300 |
_a104 გვ.: _bილ., _c21 სმ. |
||
| 653 | _aფსიქოლოგია | ||
| 700 |
_aმოსი, კატარინა _eავტორი _916216 |
||
| 700 |
_aდადიანი, ლაშა _eმთარგმნელი _911786 |
||
| 700 |
_aრაზმაძე, მზია _eმთ. რედაქტორი _916217 |
||
| 942 |
_cBK _2udc |
||